000 00480nmm a2200169Ia 4500
008 251105s9999||||xx |||||||||||||||||und||
020 _a9781935242239
041 _aspa
100 _aPrados, Emilio
245 0 _aCircuncisión del sueño
264 _a[Washington, Estados Unidos] :
_bDigitalia Publishing,
_c2015
300 _a85 páginas
490 _aLetras de Plata
650 _aSpanish poetry
856 _uhttps://public.digitaliapublishing.com/a/40147
942 _cCF
999 _c75346
_d75346